| 000 | 02526nam a22003257a 4500 | ||
|---|---|---|---|
| 005 | 20260129165647.0 | ||
| 008 | 230207s2021 xxk|||||o|||| 00| 0 eng d | ||
| 020 | _a9781783214532 | ||
| 041 | _aeng | ||
| 100 | _aParnell, Philip | ||
| 110 | _aRoyal Institution of Chartered Surveyors | ||
| 245 |
_aSustainability and ESG in commercial property valuation and strategic advice _bGuidance note _h[Electronic resource] |
||
| 260 |
_aLondon, _bRoyal Institution of Chartered Surveyors, _cDecember 2021 |
||
| 300 | _a36p. | ||
| 490 | _aRICS Guidance note | ||
| 520 | _a3rd edition, December 2021. Effective from 31 January 2022 | ||
| 520 | _aSuperseded by 4th edition, ISBN 9781783215713 from 30 April 2026, published January 2026 | ||
| 520 | _aThis guidance note is principally intended for valuing commercial property: non-domestic real estate that fulfils an operational or occupational purpose for business and is commonly sold or let in the market. It may also be referred to as ‘investment property’. Other asset classes such as rural, residential, public sector and infrastructure fall outside the remit of this guidance note. Valuation is a component of a wider construction and management cycle, but this guidance note does not cover life cycle considerations or circular economy principles in detail. Some ESG analysis includes detailed consideration and reporting of non-financial matters – those that cannot be measured in monetary terms. This guidance does not substantially cover ESG disclosures or reporting relating to non-financial matters. The guidance also principally refers to the valuation of individual real estate assets or groups of real estate assets, and does not cover business and corporate level sustainability, ESG and net-zero carbon strategies and factors such as carbon off-setting | ||
| 650 | _aESG | ||
| 650 | _aCarbon | ||
| 650 | _aEnvironment | ||
| 650 | _aCommercial Property | ||
| 651 | _aInternational | ||
| 690 |
_96273 _aValuation |
||
| 700 | _aParnell, Philip | ||
| 710 | _aRoyal Institution of Chartered Surveyors | ||
| 856 |
_uhttps://www.rics.org/content/dam/ricsglobal/documents/standards/Sustainability%20and%20ESG_3rd%20edition_standard%20-%20May%202023.pdf _yAvailable on RICS.org |
||
| 856 |
_uhttp://web.archive.org/web/20220707051355/https://www.rics.org/globalassets/rics-website/media/upholding-professional-standards/regulation/valuation/sustainability-and-esg-guidance-note_december-2021_v1.pdf _zAvailable on the web archive |
||
| 942 | _n0 | ||
| 999 |
_c121369 _d121369 |
||